000 00543nam a2200169Ia 4500
003 GCL
008 140319s9999 xx 000 0 ara d
040 _aGCL /
_cGCL
082 0 4 _a377
_bف ت
100 1 _aفتح الباب عبدالحليم سيد
245 1 0 _aالتربية فى القران والسنة الغايات والاهداف /
_cفتح الباب عبدالحليم سيد
490 _aكتاب
_v0
650 0 4 _aالاسلام
650 0 4 _aالتربية الاسلامية
650 0 4 _aالقران
942 _2ddc
_cBK
999 _c41716
_d41716